| 000 | 00653nam a2200265Ia 4500 | ||
|---|---|---|---|
| 005 | 20250425162334.0 | ||
| 008 | 250425s9999 xx 000 0 und d | ||
| 020 | _a9788445816660 | ||
| 041 | _aspa | ||
| 043 | _asp | ||
| 082 | _a614.793 | ||
| 100 | _aASENJO, SEBASTIAN | ||
| 245 | 0 | _aGESTIÓN DIARIA DEL HOSPITAL | |
| 250 | _a3A ED. | ||
| 260 |
_aBARCELONA _bMASSON |
||
| 260 |
_aEspaña _bMASSON _c2006 |
||
| 300 | _a637 | ||
| 500 | _aCONTIENE GRÁFICOS | ||
| 650 | _aGESTION HOSPITALARIA | ||
| 650 | _aORGANIZACION DE HOSPITAL MODERNO | ||
| 650 | _aSERVICIO DE PSIQUIATRIA | ||
| 710 | _aELSEVIER | ||
| 942 | _c01 | ||
| 010 | _a63644 | ||
| 999 |
_c227197 _d227197 |
||